书目信息 |
| 题名: |
中国城市治理创新案例研究报告
|
|
| 作者: | 俞可平, 主编 | |
| 分册: | No.1 | |
| 出版信息: | 北京 社会科学文献出版社 2021.04 |
|
| 页数: | 210页 | |
| 开本: | 24cm | |
| 丛书名: | ||
| 单 册: | ||
| 中图分类: | F299.23 | |
| 科图分类: | ||
| 主题词: | 城市管理--cheng shi guan li--案例--研究报告--中国 | |
| 电子资源: | ||
| ISBN: | 978-7-5201-8030-6 | |
| 000 | 01360nam0 2200265 450 | |
| 001 | 202021194023 | |
| 005 | 20211025120142.0 | |
| 010 | @a978-7-5201-8030-6@dCNY89.00 | |
| 100 | @a20211002d2021 em y0chiy50 ea | |
| 101 | 0 | @achi |
| 102 | @aCN@b110000 | |
| 105 | @aak a 000yy | |
| 106 | @ar | |
| 200 | 1 | @a中国城市治理创新案例研究报告@Azhong guo cheng shi zhi li chuang xin an li yan jiu bao gao@hNo.1@d= Innovations and excellence in Chinese urban governance case studies reports@hNo.1@f俞可平主编@zeng |
| 210 | @a北京@c社会科学文献出版社@d2021.04 | |
| 215 | @a210页@c图@d24cm | |
| 314 | @a俞可平, 著名学者, 政治学家。 | |
| 320 | @a有书目 | |
| 330 | @a本书精选了10个当前中国城市治理领域的优秀案例加以深入研究。这10个案例来自由著名学者俞可平教授领衔北京大学城市治理研究院组织发起的首届“中国城市治理创新奖” (2018-2019年) 的优胜奖获奖项目, 在相当程度上代表着中国城市治理的最新动态实践。既有响应中央精神但自主深入探索的代表, 如浙江省开化县的“多规合一”项目, 也有结合本地实践而敢为人先的代表, 如广东省深圳市的“儿童友好型城市建设”项目。 | |
| 510 | 1 | @aInnovations and excellence in Chinese urban governance case studies reports@hNo.1@zeng |
| 606 | 0 | @a城市管理@Acheng shi guan li@x案例@x研究报告@y中国 |
| 690 | @aF299.23@v5 | |
| 701 | 0 | @a俞可平,@Ayu ke ping@f1959-@4主编 |
| 801 | 0 | @aCN@c20210909 |
| 905 | @a河南城建学院图书馆@dF299.23@eY792 | |
| 中国城市治理创新案例研究报告.No.1= Innovations and excellence in Chinese urban governance case studies reports.No.1/俞可平主编.-北京:社会科学文献出版社,2021.04 |
| 210页:图;24cm |
| ISBN 978-7-5201-8030-6:CNY89.00 |
| 本书精选了10个当前中国城市治理领域的优秀案例加以深入研究。这10个案例来自由著名学者俞可平教授领衔北京大学城市治理研究院组织发起的首届“中国城市治理创新奖” (2018-2019年) 的优胜奖获奖项目, 在相当程度上代表着中国城市治理的最新动态实践。既有响应中央精神但自主深入探索的代表, 如浙江省开化县的“多规合一”项目, 也有结合本地实践而敢为人先的代表, 如广东省深圳市的“儿童友好型城市建设”项目。 |
| ● |
| 相关链接 |
|
|
|
正题名:中国城市治理创新案例研究报告
索取号:F299.23/Y792
 
预约/预借
| 序号 | 登录号 | 条形码 | 馆藏地/架位号 | 状态 | 备注 |
| 1 | 1543240 | 215432404 | 社科库409/409社科库 110排1列6层/ [索取号:F299.23/Y792] | 在馆 | |
| 2 | 1543241 | 215432413 | 社科库409/409社科库 110排1列6层/ [索取号:F299.23/Y792] | 在馆 |